00539 2200193 4500001002100000005001500021035002000036007000300056008004100059020002200100082000800122084001400130100001800144245007900162250001100241260003200252300004000284650002100324INLIS00000000000202420260213090226 a0010-0226000034ta260213 g 0 ind  a978-602-7934-38-2 a920 a920 BEE k0 aBeen Rafanany1 aKisah Inspiratif :bBocah-Bocah Ajaib yang Mengubah Dunia /cBeen Rafanany aCet. 1 aYogyakarta :bAraska,c2013 a179 hlm. :bilus. ;c13.5 x 20.5 cm aKisah Inspiratif